| 000 | 00608nam a22001937a 4500 | ||
|---|---|---|---|
| 005 | 20140310183631.0 | ||
| 008 | 131118b xxu||||| |||| 00| 0 eng d | ||
| 020 | _a9781606491690 | ||
| 050 |
_aHD 62.25 _b.Al362 2011 |
||
| 100 | _aAlderson, Keanon J. | ||
| 245 |
_aUnderstanding the family business / _cKeanon Alderson. |
||
| 260 |
_aNew York : _bBusiness Expert Press, _c2011. |
||
| 300 |
_axiv, 133 p. : _bill. ; _c23 cm. |
||
| 504 | _aIncludes Bibliographic References and Index. | ||
| 521 | _aBSBA | ||
| 650 | _aFamily-owned business enterprises. | ||
| 942 |
_2lcc _cBK _kFOR |
||
| 999 |
_c25611 _d25611 |
||